Countries by Highest Point - Statistics

General Stats
  • This quiz has been taken 32 times
  • The average score is 36 of 40
Answer Stats
Point (m) Country % Correct
7,492 Afghanistan
100%
7,570 Bhutan
100%
6,542 Bolivia
100%
5,959 Canada
100%
6,893 Chile
100%
8,848 China
100%
4,807 France
100%
8,586 India
100%
8,848 Nepal
100%
8,611 Pakistan
100%
6,768 Peru
100%
5,642 Russia
100%
4,634 Switzerland
100%
7,495 Tajikistan
100%
5,895 Tanzania
100%
6,194 United States
100%
6,960 Argentina
94%
4,485 Azerbaijan
94%
5,700 Colombia
94%
5,201 Georgia
94%
7,010 Kazakhstan
94%
5,199 Kenya
94%
5,636 Mexico
94%
4,981 Venezuela
94%
5,110 Democratic Republic of the Congo
89%
6,267 Ecuador
89%
5,610 Iran
89%
4,807 Italy
89%
7,439 Kyrgyzstan
89%
5,881 Myanmar
89%
5,110 Uganda
89%
4,643 Uzbekistan
89%
5,137 Turkey
83%
4,884 Indonesia
78%
4,220 Guatemala
72%
4,374 Mongolia
72%
4,550 Ethiopia
67%
4,165 Morocco
67%
4,519 Rwanda
67%
4,509 Papua New Guinea
56%
No matching quizzes found
Score Distribution
Percent of People with Each Score
Percentile by Number Answered
Your Score History
You have not taken this quiz